000 00282nam a2200133Ia 4500
100 _aKapadia/Rajiv
942 _cBK
654 _a8051
245 _a8051 Microcontroller and embedded system
260 _bJaico
_c2004
082 _a4.165
_bKAP
300 _a239
546 _aENGLISH
999 _c18300
_d18300